| 000 | 01476cam a2200169 4500500 | ||
|---|---|---|---|
| 005 | 20260111091413.0 | ||
| 041 | _afre | ||
| 042 | _adc | ||
| 100 | 1 | 0 |
_aDole, Abbé Georges _eauthor |
| 245 | 0 | 0 | _avon Hinüber O., Entstehung und Aufbau der Jâtaka-Sammlung. Studien zur Literatur der Theravâda-Buddhismus I, coll. Ak. der Wissenschaften und der Literatur, Stuttgart, Steiner, 1998, 24x17, 224 p. ISBN 3-515-07342-63 |
| 260 | _c2007. | ||
| 500 | _a100 | ||
| 520 | _aLa publication d’un roman historique d’A.-S. Jacouty, consacré à la disgrâce de Fénelon, offre l’occasion d’un bref rappel de la querelle qui opposa Bossuet à l’Archevêque de Cambrai, sur les thèmes du « pur amour » et du quiétisme. Ces pages permettent de restaurer la grande figure de Fénelon et de faire ainsi ressortir les valeurs universalistes de sa doctrine qui en font l’actualité. | ||
| 520 | _aFenelon’s royal disfavour and self-imposed exile, as the result of his dispute with Bossuet in the matter of « pure love » and quietism, is the theme of a recently published historical novel... which starts the author thinking : in a plea in Fenelon’s favour, he brings out the meaning of the universal, and yet very actual, values of his doctrine. | ||
| 786 | 0 | _nNouvelle revue théologique | 129 | 1 | 2007-01-01 | p. 119y-142y | 0029-4845 | |
| 856 | 4 | 1 | _uhttps://shs.cairn.info/revue-nouvelle-revue-theologique-2007-1-page-119y?lang=fr&redirect-ssocas=7080 |
| 999 |
_c1621125 _d1621125 |
||